Development and Performance Evaluation of Power Operated Plant Peeler (Record no. 14890)
[ view plain ]
| 000 -LEADER | |
|---|---|
| fixed length control field | 00714nam a22001817a 4500 |
| 003 - CONTROL NUMBER IDENTIFIER | |
| control field | OSt |
| 088 ## - REPORT NUMBER | |
| Report number | P374 |
| 100 ## - MAIN ENTRY--AUTHOR NAME | |
| Personal name | ATHIRA V.A |
| -- | JASIDA KHALID |
| -- | JISMI JOB |
| -- | JOHNSY K.J |
| -- | JUGNU HAMEED |
| 245 ## - TITLE STATEMENT | |
| Title | Development and Performance Evaluation of Power Operated Plant Peeler |
| 260 ## - PUBLICATION, DISTRIBUTION, ETC. (IMPRINT) | |
| Place of publication | Tavanur 2017 |
| Name of publisher | Department of Food and Agricultural Process Engineering |
| 300 ## - PHYSICAL DESCRIPTION | |
| Number of Pages | 50 |
| 500 ## - GENERAL NOTE | |
| General note | Development and Performance Evaluation of Power Operated Plant Peeler |
| 520 ## - SUMMARY, ETC. | |
| Summary, etc | Development and Performance Evaluation of Power Operated Plant Peeler |
| 700 ## - ADDED ENTRY--PERSONAL NAME | |
| Personal name | Dr. Rajesh G.K (Guide) |
| 856 ## - ELECTRONIC LOCATION AND ACCESS | |
| Uniform Resource Identifier | https://drive.google.com/open?id=1hCiLqFckhRFeCarj1959YSIsJSDtCoVf |
| 942 ## - ADDED ENTRY ELEMENTS (KOHA) | |
| Koha item type | Project Report |
| Collection code | Home library | Current library | Shelving location | Full call number | Accession Number | Koha item type |
|---|---|---|---|---|---|---|
| Reference | KAUAET | KAUAET | Reference | 664 ATH/DE | P 374 | Project Report |
